Marketing (Record no. 2711)

MARC details
005 - DATE AND TIME OF LATEST TRANSACTION
control field 20250629144203.0
020 ## - INTERNATIONAL STANDARD BOOK NUMBER
International Standard Book Number 0-471-79746-4
082 ## - DEWEY DECIMAL CLASSIFICATION NUMBER
Classification number 658.8 PAP
100 ## - MAIN ENTRY--PERSONAL NAME
Author name PAPADOPOULOS, N
245 ## - TITLE STATEMENT
Title Marketing
260 ## - PUBLICATION, DISTRIBUTION, ETC.
Place of publication, distribution, etc. New York,
Name of publisher, distributor, etc. John Wiley & Sons Canadian Ltd,
Date of publication, distribution, etc. 1988.
300 ## - PHYSICAL DESCRIPTION
Extent xvi, 924p.: ill.; figure, picture,
Other physical details glossary, index,
Dimensions 26cm.
700 ## - ADDED ENTRY--PERSONAL NAME
Other authors/Editors ZIKMUND, W . & AMICO, M .
942 ## - ADDED ENTRY ELEMENTS (KOHA)
Source of classification or shelving scheme Dewey Decimal Classification
Koha item type Books
Holdings
Date last seen Total checkouts Full call number Barcode Cost, replacement price Price effective from Koha item type Lost status Source of classification or shelving scheme Damaged status Not for loan Withdrawn status Home library Current library Shelving location Date acquired Cost, normal purchase price
06/29/2025   658.8 PAP DOM0004346 45000.00 06/29/2025 Books   Dewey Decimal Classification       CBE Dodoma CBE Dodoma General Collection 03/12/1996 15000.00
05/27/2025   658.8 PAP 00000010195 45000.00 05/27/2025 Books   Dewey Decimal Classification       College of Business Education Main Library College of Business Education Main Library General Collection 03/12/1996 15000.00
05/27/2025   658.8 PAP 00000010196 45000.00 05/27/2025 Books   Dewey Decimal Classification       College of Business Education Main Library College of Business Education Main Library General Collection 03/12/1996 15000.00
05/27/2025   658.8 PAP 00000010197 45000.00 05/27/2025 Books   Dewey Decimal Classification       College of Business Education Main Library College of Business Education Main Library General Collection 03/12/1996 15000.00